Datum a čas kvízu
31.5
Celkem bodů
Celkový počet nahraných bodů na tomto kvízu bez doplňovacích otázek.
8.
Pořadí na kvízu
Konečné umístění týmu na tomto kvízu.
Zaznamenané odpovědi
| # | Otázka | Odpověď | Body | Výsledky |
|---|---|---|---|---|
| 1. | Ve které obci se v sobotu kona... | v Průhonicích | 1 | |
| 2. | Internet minulý týden obletělo... | kocour (kočka) | 1 | |
| 3. | Organizátoři Karlovarského fil... | Ethan Hawke | 1 | |
| 4. | Česká armáda v pátek převzala... | Toyota | 0 | |
| 5. | Tým ligy amerického fotbalu NF... | indiánské čelenky (a rudé malování na obličeji) | 1 | |
| 6. | Rozhodli jsme se prověřit vaše... | nebozez / nebozízek | 0 | |
| 7. | V roce 1844 byla vynalezena hl... | cylindrická vložka | 1 | |
| 8. | Některé šrouby nemají ani jedn... | inbus (též nespisovně imbus) | 1 | |
| 9. | Tento vrták je určen pro zhoto... | vidiový | 0 | |
| 10. | Tato součástka je důležitá pro... | sklíčidlo | 1 |